000 00331nam a2200133Ia 4500
005 20260328101514.0
008 260328s9999||||xx |||||||||||||| ||und||
100 _aMenen, Aubrey
245 4 _aThe Great Cities :
_b Venice /
_cAubrey Menen
260 _bTime Life
300 _a200 p.
650 _aARQUITECTURA REGIONAL
942 _cBK
999 _c9302
_d9302